La Ley 25.152, de solvencia fiscal y sus peripecias (Registro nro. 11750)
[ vista simple ]
| 000 -LEADER | |
|---|---|
| fixed length control field | 00316 a2200109 4500 |
| 001 - CONTROL NUMBER | |
| control field | ART_7263 |
| 005 - DATE AND TIME OF LATEST TRANSACTION | |
| control field | 20260410161623.0 |
| 008 - FIXED-LENGTH DATA ELEMENTS--GENERAL INFORMATION | |
| fixed length control field | 260409a |
| 100 1# - MAIN ENTRY--PERSONAL NAME | |
| Personal name | Atchabahian, Adolfo |
| 245 10 - TITLE STATEMENT | |
| Title | La Ley 25.152, de solvencia fiscal y sus peripecias |
| 773 0# - HOST ITEM ENTRY | |
| Title | Enfoques |
| Related parts | - Nº 1 (ene. 2012) |
| Record control number | REV416 |
No hay ítems disponibles.